[Event "5. Copenhagen Open Politiken Cup"]
[Site "Hvidovre"]
[Date "1983.??.??"]
[Round "2"]
[White "Csom, Istvan"]
[Black "Iskov, Gert"]
[Result "1-0"]
[WhiteElo "2500"]
[BlackElo "2365"]
[PlyCount "73"]
[EventDate "1983.??.??"]
[EventType "tourn"]
[EventRounds "9"]
[EventCountry "DEN"]
[EventCategory "9"]
[SourceDate "2004.01.01"]

1. c4 Nf6 2. Nf3 g6 3. b4 Bg7 4. Bb2 O-O 5. e3 d6 6. d3 b6 7. Be2 a5 8. a3 axb4
9. axb4 Rxa1 10. Bxa1 Na6 11. Bc3 Bb7 12. O-O Qd7 13. Nbd2 Ra8 14. Qc2 Ra7 15.
Qb2 Qd8 16. Ra1 Ra8 17. Ne1 Nb8 18. Rxa8 Bxa8 19. Qa1 Nbd7 20. Bf3 Bxf3 21.
Nexf3 Qc8 22. Qa4 c5 23. Kf1 d5 24. b5 dxc4 25. Bxf6 Nxf6 26. Nxc4 Qd8 27. Nce5
Ne8 28. Qe4 Nd6 29. Qc6 Qb8 30. g3 Bxe5 31. Nxe5 Qa7 32. Nd7 Qa3 33. Kg2 Kg7
34. Qd5 Qa1 35. Nxb6 Nxb5 36. d4 Qb1 37. Qe5+ 1-0

[Event "5. Copenhagen Open Politiken Cup"]
[Site "Hvidovre"]
[Date "1983.??.??"]
[Round "6"]
[White "Hamann, Svend"]
[Black "Csom, Istvan"]
[Result "1/2-1/2"]
[WhiteElo "2435"]
[BlackElo "2500"]
[PlyCount "40"]
[EventDate "1983.??.??"]
[EventType "tourn"]
[EventRounds "9"]
[EventCountry "DEN"]
[EventCategory "9"]
[SourceDate "2004.01.01"]

1. d4 Nf6 2. c4 e6 3. Nc3 Bb4 4. Qc2 c5 5. dxc5 Qc7 6. a3 Bxc5 7. Nf3 a6 8. Bg5
Be7 9. e3 d6 10. Be2 Nbd7 11. h3 b6 12. O-O Bb7 13. Rac1 O-O 14. Nd2 Rfe8 15.
Rfd1 Rac8 16. Bf4 Qb8 17. Nde4 Qa8 18. Nxf6+ Nxf6 19. Bf1 d5 20. Qb3 Bd8
1/2-1/2

[Event "5. Copenhagen Open Politiken Cup"]
[Site "Hvidovre"]
[Date "1983.??.??"]
[Round "4"]
[White "Hamann, Svend"]
[Black "Iskov, Gert"]
[Result "1/2-1/2"]
[WhiteElo "2435"]
[BlackElo "2365"]
[PlyCount "66"]
[EventDate "1983.??.??"]
[EventType "tourn"]
[EventRounds "9"]
[EventCountry "DEN"]
[EventCategory "9"]
[SourceDate "2004.01.01"]

1. c4 e6 2. g3 d5 3. Nf3 Nf6 4. Bg2 dxc4 5. O-O Nbd7 6. Na3 Bxa3 7. bxa3 O-O 8.
Qc2 Nb6 9. Bb2 Ne8 10. Ne5 Nd6 11. f4 f6 12. Nf3 Bd7 13. Rae1 Na4 14. Ba1 b5
15. e4 Nf7 16. g4 e5 17. g5 Qe7 18. gxf6 gxf6 19. Nh4 Rad8 20. Re3 Qd6 21. fxe5
Nxe5 22. Rg3+ Kh8 23. Qd1 c3 24. Rxc3 Nxc3 25. Bxc3 Ng4 26. Nf3 Be6 27. Qa1 Bc4
28. Re1 Qb6+ 29. d4 Rg8 30. Nd2 Qd6 31. Nf3 Qb6 32. Nd2 Qd6 33. Nf3 Qb6 1/2-1/2

[Event "5. Copenhagen Open Politiken Cup"]
[Site "Hvidovre"]
[Date "1983.??.??"]
[Round "9"]
[White "Hamann, Svend"]
[Black "Mortensen, Erling"]
[Result "1/2-1/2"]
[WhiteElo "2435"]
[BlackElo "2435"]
[PlyCount "44"]
[EventDate "1983.??.??"]
[EventType "tourn"]
[EventRounds "9"]
[EventCountry "DEN"]
[EventCategory "9"]
[SourceDate "2004.01.01"]

1. d4 Nf6 2. c4 g6 3. Nc3 Bg7 4. e4 d6 5. Be2 O-O 6. Bg5 Nbd7 7. Qd2 c6 8. f3
e5 9. d5 cxd5 10. cxd5 h6 11. Be3 a6 12. Nh3 Nh7 13. Nf2 h5 14. O-O-O f5 15.
exf5 gxf5 16. f4 b5 17. Nd3 Nb6 18. Nb4 Nf6 19. fxe5 dxe5 20. Bh6 Rf7 21. Bxg7
Rxg7 22. Qe3 Qd6 1/2-1/2

[Event "5. Copenhagen Open Politiken Cup"]
[Site "Hvidovre"]
[Date "1983.??.??"]
[Round "2"]
[White "Hamann, Svend"]
[Black "Karlsson, Lars"]
[Result "1/2-1/2"]
[WhiteElo "2435"]
[BlackElo "2505"]
[PlyCount "107"]
[EventDate "1983.??.??"]
[EventType "tourn"]
[EventRounds "9"]
[EventCountry "DEN"]
[EventCategory "9"]
[SourceDate "2004.01.01"]

1. d4 Nf6 2. c4 e6 3. Nf3 c5 4. d5 exd5 5. cxd5 d6 6. Nc3 g6 7. e4 Bg7 8. Be2
O-O 9. O-O Re8 10. Nd2 Nbd7 11. Qc2 Ne5 12. a4 Nh5 13. Bxh5 gxh5 14. Nd1 Kh8
15. Ne3 Rg8 16. f4 Ng4 17. Nf3 h6 18. f5 b6 19. Nc4 Ba6 20. h3 Qe7 21. Bf4 Bxc4
22. Qxc4 Bxb2 23. Rae1 Ne5 24. Qe2 Nxf3+ 25. Qxf3 Be5 26. Qxh5 Bxf4 27. Rxf4
Qf6 28. e5 dxe5 29. Rxe5 Rge8 30. Rxe8+ Rxe8 31. Qf3 Re1+ 32. Kh2 Qe5 33. f6
Re3 34. Qg4 Qg5 35. Qxg5 hxg5 36. Rf5 c4 37. Rxg5 c3 38. Rg4 Rd3 39. Rc4 a6 40.
d6 b5 41. axb5 axb5 42. Rc8+ Kh7 43. d7 b4 44. d8=Q Rxd8 45. Rxd8 c2 46. Rc8 b3
47. Rc3 Kg6 48. Rxb3 c1=Q 49. Rf3 Qd1 50. Rf4 Qd2 51. Rf1 Kg5 52. Kg1 Qd4+ 53.
Kh2 Qe3 54. g3 1/2-1/2

[Event "5. Copenhagen Open Politiken Cup"]
[Site "Hvidovre"]
[Date "1983.??.??"]
[Round "8"]
[White "Ost Hansen, Jacob"]
[Black "Hamann, Svend"]
[Result "0-1"]
[WhiteElo "2415"]
[BlackElo "2435"]
[PlyCount "111"]
[EventDate "1983.??.??"]
[EventType "tourn"]
[EventRounds "9"]
[EventCountry "DEN"]
[EventCategory "9"]
[SourceDate "2004.01.01"]

1. g3 c5 2. Bg2 Nc6 3. e4 g6 4. d3 Bg7 5. Nh3 d6 6. O-O h5 7. c3 Nf6 8. f3 e5
9. Be3 Bh6 10. Bxh6 Rxh6 11. Nd2 Kf8 12. f4 Ng4 13. Qe2 Kg7 14. Nf2 Qe7 15. Nf3
Bd7 16. f5 gxf5 17. exf5 Nxf2 18. Rxf2 f6 19. Nh4 Qf7 20. a3 Rb8 21. b4 b6 22.
Rb1 Ne7 23. bxc5 dxc5 24. d4 cxd4 25. cxd4 exd4 26. Rc1 Rc8 27. Rxc8 Bxc8 28.
Qd3 Rh8 29. Qxd4 Re8 30. Qa4 Ng8 31. Rf1 Re5 32. Rc1 Bxf5 33. Nxf5+ Rxf5 34.
Rd1 Ra5 35. Qb4 Qe7 36. Kh1 Rxa3 37. Qb5 Ra5 38. Qc6 Rc5 39. Qf3 Re5 40. Bf1
Nh6 41. Qc6 Rc5 42. Rd7 Rxc6 43. Rxe7+ Kf8 44. Rxa7 Rc1 45. Kg2 Rc2+ 46. Kg1
Ng4 47. Bd3 Rxh2 48. Bg6 Rb2 49. Bxh5 Ne5 50. Kf1 b5 51. Rb7 b4 52. Ke1 Nd3+
53. Kd1 b3 54. Rb5 Ke7 55. Bg6 Ne5 56. Bf5 0-1

[Event "5. Copenhagen Open Politiken Cup"]
[Site "Hvidovre"]
[Date "1983.??.??"]
[Round "4"]
[White "Ost Hansen, Jacob"]
[Black "Csom, Istvan"]
[Result "1/2-1/2"]
[WhiteElo "2415"]
[BlackElo "2500"]
[PlyCount "81"]
[EventDate "1983.??.??"]
[EventType "tourn"]
[EventRounds "9"]
[EventCountry "DEN"]
[EventCategory "9"]
[SourceDate "2004.01.01"]

1. e4 c5 2. d3 Nc6 3. g3 g6 4. Bg2 Bg7 5. f4 d6 6. Nf3 e5 7. Nc3 Nge7 8. O-O
O-O 9. Be3 Nd4 10. Qd2 f6 11. Nd1 Nxf3+ 12. Bxf3 Bh3 13. Re1 Qd7 14. Nf2 Be6
15. c3 exf4 16. Bxf4 d5 17. d4 cxd4 18. exd5 Nxd5 19. Qxd4 Nxf4 20. Qxf4 Rad8
21. Qe3 Bd5 22. Rad1 Qf7 23. Bxd5 Rxd5 24. Qxa7 Rxd1 25. Rxd1 f5 26. Qa4 Kh8
27. Qd7 Qxa2 28. Qxb7 g5 29. Rd7 f4 30. Rxg7 Qb1+ 31. Kg2 f3+ 32. Kh3 Qf5+ 33.
g4 Qb1 34. Rxh7+ Qxh7+ 35. Qxh7+ Kxh7 36. Kg3 Kg6 37. Nd3 Kg7 38. h3 Rd8 39.
Nc5 f2 40. Kxf2 Rd2+ 41. Ke3 1/2-1/2

[Event "5. Copenhagen Open Politiken Cup"]
[Site "Hvidovre"]
[Date "1983.??.??"]
[Round "6"]
[White "Ost Hansen, Jacob"]
[Black "Wedberg, Tom"]
[Result "1/2-1/2"]
[WhiteElo "2415"]
[BlackElo "2495"]
[PlyCount "51"]
[EventDate "1983.??.??"]
[EventType "tourn"]
[EventRounds "9"]
[EventCountry "DEN"]
[EventCategory "9"]
[SourceDate "2004.01.01"]

1. Nf3 c5 2. g3 Nc6 3. Bg2 g6 4. c4 Bg7 5. Nc3 e5 6. a3 a5 7. O-O d6 8. Ne1 Be6
9. d3 Nge7 10. Nc2 d5 11. b3 O-O 12. Bg5 f6 13. Bd2 f5 14. Rb1 Qd6 15. cxd5
Nxd5 16. Ne3 Nxe3 17. fxe3 Rad8 18. e4 b6 19. Nd5 Ne7 20. Bg5 Bxd5 21. exd5
Nxd5 22. Bxd8 Nc3 23. Qc2 Nxb1 24. Bxb6 Qxb6 25. Qc4+ Kh8 26. Rxb1 1/2-1/2

[Event "5. Copenhagen Open Politiken Cup"]
[Site "Hvidovre"]
[Date "1983.??.??"]
[Round "3"]
[White "Iskov, Gert"]
[Black "Wedberg, Tom"]
[Result "1/2-1/2"]
[WhiteElo "2365"]
[BlackElo "2495"]
[PlyCount "34"]
[EventDate "1983.??.??"]
[EventType "tourn"]
[EventRounds "9"]
[EventCountry "DEN"]
[EventCategory "9"]
[SourceDate "2004.01.01"]

1. e4 e5 2. Nf3 Nc6 3. Bc4 Nf6 4. d3 Be7 5. O-O O-O 6. Re1 d6 7. c3 Na5 8. Bb5
a6 9. Ba4 b5 10. Bc2 d5 11. Nbd2 Re8 12. Nf1 Bf8 13. Ne3 g6 14. Bd2 Nc6 15. Bb3
Na5 16. Bc2 Nc6 17. Bb3 Na5 1/2-1/2

[Event "5. Copenhagen Open Politiken Cup"]
[Site "Hvidovre"]
[Date "1983.??.??"]
[Round "5"]
[White "Iskov, Gert"]
[Black "Mortensen, Erling"]
[Result "1/2-1/2"]
[WhiteElo "2365"]
[BlackElo "2435"]
[PlyCount "83"]
[EventDate "1983.??.??"]
[EventType "tourn"]
[EventRounds "9"]
[EventCountry "DEN"]
[EventCategory "9"]
[SourceDate "2004.01.01"]

1. e4 c5 2. Nc3 d6 3. Nge2 Nf6 4. d4 cxd4 5. Nxd4 e6 6. g3 Be7 7. Bg2 O-O 8.
O-O a6 9. Re1 Qc7 10. a4 Nc6 11. Nxc6 bxc6 12. a5 Bb7 13. Bf4 Nd7 14. Qd2 Rad8
15. Rad1 Ne5 16. Na4 c5 17. b3 Bf6 18. Nb6 h6 19. Re3 Bg5 20. Bxg5 hxg5 21. f4
Ng4 22. Rd3 c4 23. Nxc4 Qc5+ 24. Ne3 gxf4 25. gxf4 Nxe3 26. Rxe3 d5 27. exd5
Bxd5 28. Qc3 Qa7 29. Bxd5 Rxd5 30. Rxd5 exd5 31. Qe5 Qc5 32. c3 Qxa5 33. Rg3
Qb6+ 34. Kh1 Qh6 35. f5 Rd8 36. Qe7 Rb8 37. f6 g6 38. b4 Qh5 39. Qe3 Qf5 40.
Rf3 Qg4 41. Rf4 Qe6 42. Rf3 1/2-1/2

[Event "5. Copenhagen Open Politiken Cup"]
[Site "Hvidovre"]
[Date "1983.??.??"]
[Round "7"]
[White "Iskov, Gert"]
[Black "Karlsson, Lars"]
[Result "0-1"]
[WhiteElo "2365"]
[BlackElo "2505"]
[PlyCount "80"]
[EventDate "1983.??.??"]
[EventType "tourn"]
[EventRounds "9"]
[EventCountry "DEN"]
[EventCategory "9"]
[SourceDate "2004.01.01"]

1. e4 c5 2. Nf3 d6 3. d4 cxd4 4. Nxd4 Nf6 5. Nc3 g6 6. Be3 Bg7 7. f3 O-O 8. Qd2
Nc6 9. Bc4 Bd7 10. O-O-O Rc8 11. Bb3 Ne5 12. Kb1 Nc4 13. Bxc4 Rxc4 14. Nde2 b5
15. Bh6 Bxh6 16. Qxh6 b4 17. Nd5 Nxd5 18. exd5 Qb6 19. b3 Qf2 20. Rd2 Rh4 21.
Ng3 Rxh6 22. Rxf2 Rh4 23. Re2 Re8 24. Ne4 Rh5 25. Rd2 Re5 26. Rd4 f5 27. Ng3 a5
28. Rhd1 Rc8 29. Kb2 Bb5 30. R1d2 Re3 31. a3 bxa3+ 32. Kxa3 a4 33. Rb4 Rc5 34.
Kb2 axb3 35. cxb3 Re1 36. Rbd4 Kf7 37. f4 Kf6 38. b4 Rcc1 39. Rc2 Rb1+ 40. Ka2
Ba4 0-1

[Event "5. Copenhagen Open Politiken Cup"]
[Site "Hvidovre"]
[Date "1983.??.??"]
[Round "9"]
[White "Iskov, Gert"]
[Black "Ost Hansen, Jacob"]
[Result "1/2-1/2"]
[WhiteElo "2365"]
[BlackElo "2415"]
[PlyCount "95"]
[EventDate "1983.??.??"]
[EventType "tourn"]
[EventRounds "9"]
[EventCountry "DEN"]
[EventCategory "9"]
[SourceDate "2004.01.01"]

1. e4 c5 2. Nc3 e6 3. Nge2 Nc6 4. g3 Nge7 5. d4 cxd4 6. Nxd4 a6 7. Bg2 Nxd4 8.
Qxd4 Nc6 9. Qd1 Be7 10. O-O d6 11. Be3 Qc7 12. f4 b5 13. Qd2 Bb7 14. Rad1 O-O
15. Qf2 Rac8 16. g4 Bf6 17. e5 dxe5 18. Ne4 Be7 19. f5 exf5 20. gxf5 f6 21. Bb6
Qb8 22. Rd7 Rf7 23. Rfd1 Nd4 24. Bxd4 exd4 25. Rxb7 Qxb7 26. Nxf6+ Bxf6 27.
Bxb7 Rxb7 28. Re1 Rbc7 29. Re2 h6 30. Qg2 Kh8 31. Qe4 Rc5 32. Kg2 R5c6 33. Kh3
Kh7 34. Qg2 R6c7 35. Qg6+ Kg8 36. Re8+ Rxe8 37. Qxe8+ Kh7 38. Qg6+ Kg8 39. Qg2
Kh7 40. Kg4 Rc5 41. Qf2 b4 42. Qe2 a5 43. Kf4 Rc7 44. Qd3 Rc5 45. Ke4 Kh8 46.
Kf3 Re5 47. Kg4 Rc5 48. Qe4 1/2-1/2

[Event "5. Copenhagen Open Politiken Cup"]
[Site "Hvidovre"]
[Date "1983.??.??"]
[Round "1"]
[White "Iskov, Gert"]
[Black "Kudrin, Sergey"]
[Result "1-0"]
[WhiteElo "2365"]
[BlackElo "2510"]
[PlyCount "107"]
[EventDate "1983.??.??"]
[EventType "tourn"]
[EventRounds "9"]
[EventCountry "DEN"]
[EventCategory "9"]
[SourceDate "2004.01.01"]

1. e4 c5 2. Nf3 d6 3. d4 cxd4 4. Nxd4 Nf6 5. Nc3 g6 6. Bc4 Bg7 7. h3 O-O 8. Bb3
a6 9. O-O b5 10. Re1 Bb7 11. a4 bxa4 12. Bxa4 e6 13. Bg5 Nbd7 14. Qd2 Qc7 15.
Bxd7 Nxd7 16. Bh6 Bxh6 17. Qxh6 Ne5 18. Rad1 Nc4 19. Na4 e5 20. Nf3 f6 21. b3
Bc6 22. Nc3 Nb6 23. Rd3 Rad8 24. Red1 Rd7 25. Qd2 Rfd8 26. Nh2 f5 27. exf5 gxf5
28. Qh6 Nc8 29. Qe6+ Rf7 30. Nd5 Bxd5 31. Rg3+ Kf8 32. Rxd5 Qxc2 33. Nf3 Qc1+
34. Kh2 Re8 35. Rg8+ Kxg8 36. Qxe8+ Rf8 37. Qe6+ Kg7 38. g3 Rf6 39. Qd7+ Rf7
40. Qd8 Qc7 41. Qg5+ Kh8 42. Nxe5 Rf8 43. Nd3 Qc2 44. Rxf5 Rxf5 45. Qxf5 Kg7
46. Kg2 Ne7 47. Qe4 Kf6 48. Qd4+ Ke6 49. Qe3+ Kf7 50. Nb4 Qc8 51. Qa7 Ke6 52.
Nxa6 Nd5 53. Qxh7 Nf6 54. Nc7+ 1-0

[Event "5. Copenhagen Open Politiken Cup"]
[Site "Hvidovre"]
[Date "1983.??.??"]
[Round "6"]
[White "Jakobsen, Ole"]
[Black "Iskov, Gert"]
[Result "0-1"]
[WhiteElo "2440"]
[BlackElo "2365"]
[PlyCount "83"]
[EventDate "1983.??.??"]
[EventType "tourn"]
[EventRounds "9"]
[EventCountry "DEN"]
[EventCategory "9"]
[SourceDate "2004.01.01"]

1. c4 e6 2. g3 Nf6 3. Bg2 a6 4. b3 Be7 5. Bb2 O-O 6. Nf3 c5 7. O-O b5 8. Ne5
Ra7 9. Nc3 d6 10. Nd3 b4 11. Na4 Bb7 12. a3 Bxg2 13. Kxg2 a5 14. Nf4 Nbd7 15.
e3 Qa8+ 16. Kg1 Rd8 17. d3 Nf8 18. Qe2 Ng6 19. Nxg6 hxg6 20. e4 Qc6 21. f4 Ne8
22. h4 d5 23. axb4 axb4 24. cxd5 exd5 25. e5 c4 26. Bd4 Ra6 27. Rac1 c3 28. Qf2
Nc7 29. Bc5 Bxc5 30. Nxc5 Ra5 31. d4 Ne6 32. Nxe6 Qxe6 33. Rc2 Qg4 34. Qe3 Qf5
35. Qe2 Ra3 36. g4 Qe4 37. Qf2 Rxb3 38. Re2 Qd3 39. f5 Qh3 40. Re3 Qxg4+ 41.
Rg3 Qxf5 42. Rf3 0-1

[Event "5. Copenhagen Open Politiken Cup"]
[Site "Hvidovre"]
[Date "1983.??.??"]
[Round "8"]
[White "Jakobsen, Ole"]
[Black "Csom, Istvan"]
[Result "1/2-1/2"]
[WhiteElo "2440"]
[BlackElo "2500"]
[PlyCount "72"]
[EventDate "1983.??.??"]
[EventType "tourn"]
[EventRounds "9"]
[EventCountry "DEN"]
[EventCategory "9"]
[SourceDate "2004.01.01"]

1. c4 Nf6 2. Nc3 c5 3. g3 e6 4. Nf3 a6 5. Bg2 Be7 6. O-O O-O 7. b3 Qc7 8. Bb2
b6 9. e4 d6 10. d4 cxd4 11. Nxd4 Bb7 12. g4 Re8 13. g5 Nfd7 14. f4 Nc6 15. Kh1
Nxd4 16. Qxd4 Bf8 17. Qf2 Qc5 18. Qh4 b5 19. Rf3 Be7 20. Rh3 Nf8 21. Rf1 bxc4
22. Nd5 exd5 23. Bxg7 dxe4 24. f5 e3 25. Bxf8 Bxg2+ 26. Kxg2 Bxg5 27. Qxg5+
Kxf8 28. Rxh7 Qe5 29. Rf3 e2 30. Rg3 Ra7 31. Qg8+ Ke7 32. Qxf7+ Kd8 33. Qxa7
Qe4+ 34. Kh3 Qxf5+ 35. Rg4 Qf3+ 36. Rg3 Qf5+ 1/2-1/2

[Event "5. Copenhagen Open Politiken Cup"]
[Site "Hvidovre"]
[Date "1983.??.??"]
[Round "1"]
[White "Jakobsen, Ole"]
[Black "Hamann, Svend"]
[Result "1-0"]
[WhiteElo "2440"]
[BlackElo "2435"]
[PlyCount "179"]
[EventDate "1983.??.??"]
[EventType "tourn"]
[EventRounds "9"]
[EventCountry "DEN"]
[EventCategory "9"]
[SourceDate "2004.01.01"]

1. c4 e6 2. g3 d5 3. Bg2 Nf6 4. Nf3 Be7 5. O-O O-O 6. b3 b6 7. Bb2 Bb7 8. cxd5
exd5 9. d4 c5 10. Nbd2 Nbd7 11. Rc1 Re8 12. Ne1 Bf8 13. Nd3 cxd4 14. Nf3 Nc5
15. Nxd4 Nxd3 16. Qxd3 Ne4 17. Rfd1 Nc5 18. Qf3 a5 19. Qg4 Qf6 20. Rc2 a4 21.
Nb5 Qd8 22. Nc3 axb3 23. axb3 Qc8 24. Qxc8 Raxc8 25. Bxd5 Bxd5 26. Nxd5 Nxb3
27. Rxc8 Rxc8 28. Nxb6 Rc2 29. Rd8 Rxb2 30. Nd7 g6 31. Rxf8+ Kg7 32. Rb8 Rd2
33. Rxb3 Rxd7 34. g4 Rd5 35. h4 h5 36. g5 Rd4 37. Rh3 f6 38. gxf6+ Kxf6 39. Kg2
Rg4+ 40. Kf3 Kf5 41. e3 Ra4 42. Kg2 Rg4+ 43. Kh2 Ke5 44. f3 Ra4 45. Kg3 Ra3 46.
e4 Ra1 47. Rh2 Rb1 48. Ra2 Rg1+ 49. Kf2 Rb1 50. Ra6 Rb2+ 51. Kg3 Rb1 52. Ra5+
Kf6 53. Kf4 Re1 54. Ra6+ Kg7 55. Ra7+ Kf6 56. Ra5 Re2 57. Rg5 Rh2 58. Kg3 Re2
59. Rb5 Re1 60. Kf4 Re2 61. e5+ Ke6 62. Rb6+ Kf7 63. Rb7+ Ke6 64. Rg7 Rg2 65.
Ke4 Re2+ 66. Kd4 Rd2+ 67. Ke3 Rg2 68. Kf4 Rg1 69. Ra7 Re1 70. Ra4 Re2 71. Re4
Rh2 72. Kg3 Rh1 73. Re2 Ra1 74. Kf4 Rg1 75. Re3 Rg2 76. Re1 Rh2 77. Kg5 Rg2+
78. Kh6 Rg3 79. f4 Rg4 80. Re4 Rg1 81. Kg7 Ke7 82. Ra4 Rg4 83. Ra7+ Ke6 84.
Ra6+ Ke7 85. Rf6 Ke8 86. Rf7 Rg1 87. e6 Rg4 88. f5 gxf5+ 89. Kf6 Rg8 90. Ra7
1-0

[Event "5. Copenhagen Open Politiken Cup"]
[Site "Hvidovre"]
[Date "1983.??.??"]
[Round "4"]
[White "Jakobsen, Ole"]
[Black "Karlsson, Lars"]
[Result "1/2-1/2"]
[WhiteElo "2440"]
[BlackElo "2505"]
[PlyCount "77"]
[EventDate "1983.??.??"]
[EventType "tourn"]
[EventRounds "9"]
[EventCountry "DEN"]
[EventCategory "9"]
[SourceDate "2004.01.01"]

1. c4 e5 2. Nc3 Nc6 3. g3 g6 4. Bg2 Bg7 5. e3 d6 6. Nge2 h5 7. d4 h4 8. d5 Nb8
9. e4 Bg4 10. Qa4+ Bd7 11. Qc2 a5 12. Ng1 Na6 13. Be3 Nf6 14. f3 Bh6 15. Bxh6
Rxh6 16. Qd2 Rh5 17. O-O-O Nc5 18. Nh3 Kf8 19. Nf2 Kg7 20. f4 Qe7 21. Bf3 Rh7
22. Kb1 Rah8 23. Qe2 hxg3 24. hxg3 Rxh1 25. Rxh1 Rxh1+ 26. Nxh1 Ng8 27. Nf2 f5
28. exf5 exf4 29. Qxe7+ Nxe7 30. gxf4 Nxf5 31. Bg4 Ne3 32. Bxd7 Nxd7 33. b3 Kf6
34. Kc1 Ng2 35. Nb5 Nxf4 36. Nxc7 Ke5 37. Ne8 Nf6 38. Nxf6 Kxf6 39. Kd2 1/2-1/2

[Event "5. Copenhagen Open Politiken Cup"]
[Site "Hvidovre"]
[Date "1983.??.??"]
[Round "3"]
[White "Jakobsen, Ole"]
[Black "Ost Hansen, Jacob"]
[Result "1/2-1/2"]
[WhiteElo "2440"]
[BlackElo "2415"]
[PlyCount "28"]
[EventDate "1983.??.??"]
[EventType "tourn"]
[EventRounds "9"]
[EventCountry "DEN"]
[EventCategory "9"]
[SourceDate "2004.01.01"]

1. d4 Nf6 2. c4 g6 3. Nc3 Bg7 4. e4 d6 5. f3 O-O 6. Bg5 c5 7. d5 e6 8. Qd2 exd5
9. cxd5 Re8 10. Nge2 a6 11. a4 Qe7 12. Ng3 Qf8 13. Be2 Nbd7 14. O-O h6 1/2-1/2

[Event "5. Copenhagen Open Politiken Cup"]
[Site "Hvidovre"]
[Date "1983.??.??"]
[Round "1"]
[White "Karlsson, Lars"]
[Black "Wedberg, Tom"]
[Result "0-1"]
[WhiteElo "2505"]
[BlackElo "2495"]
[PlyCount "113"]
[EventDate "1983.??.??"]
[EventType "tourn"]
[EventRounds "9"]
[EventCountry "DEN"]
[EventCategory "9"]
[SourceDate "2004.01.01"]

1. c4 e5 2. Nc3 Nf6 3. g3 Bb4 4. Bg2 O-O 5. Nf3 Re8 6. O-O e4 7. Nd4 Nc6 8. Nc2
Bxc3 9. dxc3 h6 10. Ne3 d6 11. Qc2 Ne5 12. Rd1 Neg4 13. c5 d5 14. Nxg4 Bxg4 15.
Be3 Qe7 16. Bd4 c6 17. b4 Nd7 18. c4 Be6 19. a4 f5 20. cxd5 Bxd5 21. Qb2 Ne5
22. Qc3 Rad8 23. f4 exf3 24. exf3 Ng6 25. Re1 Qf7 26. Rxe8+ Rxe8 27. Re1 Rxe1+
28. Qxe1 f4 29. Qc3 Nf8 30. Be5 Ne6 31. Qd3 a5 32. bxa5 Nxc5 33. Qc3 Ne6 34.
Qd3 Qf8 35. gxf4 Nxf4 36. Qe3 Ng6 37. Bg3 Qf5 38. h4 Nf8 39. Qc3 Ne6 40. Kh2
Nf4 41. Qe3 Nxg2 42. Kxg2 Qc2+ 43. Bf2 Qxa4 44. Qc3 Qg4+ 45. Bg3 Qf5 46. Bd6
Qe6 47. Be5 Qg4+ 48. Bg3 Qf5 49. Bd6 g5 50. hxg5 Qxg5+ 51. Kf2 h5 52. Qe1 Kf7
53. Qb4 Qf6 54. Bf4 Qh4+ 55. Kg1 Qe7 56. Qc3 Qe2 57. Qh8 0-1

[Event "5. Copenhagen Open Politiken Cup"]
[Site "Hvidovre"]
[Date "1983.??.??"]
[Round "3"]
[White "Karlsson, Lars"]
[Black "Mortensen, Erling"]
[Result "0-1"]
[WhiteElo "2505"]
[BlackElo "2435"]
[PlyCount "96"]
[EventDate "1983.??.??"]
[EventType "tourn"]
[EventRounds "9"]
[EventCountry "DEN"]
[EventCategory "9"]
[SourceDate "2004.01.01"]

1. c4 Nf6 2. Nc3 g6 3. g3 Bg7 4. Bg2 O-O 5. Nf3 d6 6. O-O e5 7. d3 Nbd7 8. Rb1
a5 9. a3 c6 10. Nd2 Nc5 11. b4 axb4 12. axb4 Ne6 13. e4 Nd4 14. Nb3 Bg4 15. Qd2
Nxb3 16. Rxb3 Be6 17. Ra3 Qd7 18. Na4 Qc7 19. Qc2 Ra6 20. Bb2 Nd7 21. Rfa1 f5
22. Bh3 Nf6 23. c5 d5 24. exf5 Bxf5 25. Bxf5 gxf5 26. Nb6 Rxa3 27. Rxa3 e4 28.
Ra8 Rxa8 29. Nxa8 Qe7 30. dxe4 Qxe4 31. Qxe4 Nxe4 32. Bxg7 Kxg7 33. Nb6 Kf6 34.
Nd7+ Ke7 35. Ne5 Ke6 36. Nd3 d4 37. Nf4+ Ke5 38. f3 Nc3 39. Kf2 Na2 40. Nd3+
Kd5 41. g4 fxg4 42. fxg4 Kc4 43. Ne5+ Kxb4 44. g5 Kxc5 45. h4 Kd6 46. Ng4 Ke6
47. h5 Nc3 48. Kf3 d3 0-1

[Event "5. Copenhagen Open Politiken Cup"]
[Site "Hvidovre"]
[Date "1983.??.??"]
[Round "9"]
[White "Kudrin, Sergey"]
[Black "Lechtynsky, Jiri"]
[Result "1/2-1/2"]
[WhiteElo "2510"]
[BlackElo "2475"]
[PlyCount "85"]
[EventDate "1983.??.??"]
[EventType "tourn"]
[EventRounds "9"]
[EventCountry "DEN"]
[EventCategory "9"]
[SourceDate "2004.01.01"]

1. e4 c6 2. Nc3 d5 3. Nf3 Bg4 4. h3 Bxf3 5. Qxf3 e6 6. d4 Nf6 7. Bd2 dxe4 8.
Qe3 Nd5 9. Qxe4 Nd7 10. a3 N7f6 11. Qd3 Nxc3 12. bxc3 Qd5 13. c4 Qe4+ 14. Be3
Qxd3 15. Bxd3 O-O-O 16. O-O c5 17. dxc5 Nd7 18. c6 bxc6 19. Bxa7 Bc5 20. Bxc5
Nxc5 21. Rfd1 Kc7 22. Kf1 Ra8 23. Re1 Rhd8 24. Re3 g6 25. Ke1 Ra4 26. Be2 Rda8
27. g4 Nd7 28. g5 Kd6 29. Rd3+ Ke7 30. Rb3 R8a7 31. f4 Kd8 32. h4 Kc7 33. h5
R4a5 34. hxg6 hxg6 35. Rf3 Nc5 36. Kd2 Kd6 37. Kc1 Ke7 38. Kb2 R5a6 39. Ka2 Rb6
40. Rb1 Rxb1 41. Kxb1 Rd7 42. Kc1 Rd8 43. Rf1 1/2-1/2

[Event "5. Copenhagen Open Politiken Cup"]
[Site "Hvidovre"]
[Date "1983.??.??"]
[Round "3"]
[White "Lechtynsky, Jiri"]
[Black "Hamann, Svend"]
[Result "1/2-1/2"]
[WhiteElo "2475"]
[BlackElo "2435"]
[PlyCount "185"]
[EventDate "1983.??.??"]
[EventType "tourn"]
[EventRounds "9"]
[EventCountry "DEN"]
[EventCategory "9"]
[SourceDate "2004.01.01"]

1. Nf3 d5 2. d4 c6 3. c4 Nf6 4. Nc3 e6 5. Bg5 Nbd7 6. e3 Qa5 7. Nd2 Bb4 8. Qc2
O-O 9. Bh4 b5 10. c5 e5 11. Nb3 Qa4 12. Bd3 exd4 13. exd4 Re8+ 14. Kf1 Bxc3 15.
bxc3 b4 16. cxb4 Qxb4 17. f3 a5 18. Be1 Qa4 19. Bd2 Ba6 20. Bxa6 Rxa6 21. Qd3
Rea8 22. Rc1 Nf8 23. Kf2 Ne6 24. Rc2 R6a7 25. Be3 Rb7 26. Rd1 Ne8 27. Re2 Qb5
28. Qxb5 Rxb5 29. Nc1 Rb1 30. Red2 N8c7 31. Nd3 Rxd1 32. Rxd1 f6 33. a4 Rb8 34.
Bd2 Rb3 35. Bxa5 Na6 36. Nc1 Ra3 37. Ne2 Rxa4 38. Bc3 Nac7 39. Ra1 Rc4 40. Ke3
Nb5 41. Bb2 Rb4 42. Ra2 Kf7 43. Kd3 Ke7 44. Ke3 g5 45. Kd3 Kf7 46. Ke3 Kg6 47.
Ba1 Rb3+ 48. Kf2 Nf4 49. Nxf4+ gxf4 50. Bb2 Kf5 51. Ke2 h5 52. Kd2 Ke6 53. Ke2
Kd7 54. Kf2 Rb4 55. Ke2 h4 56. h3 Kc7 57. Kd3 Kb7 58. Ba1 Rb3+ 59. Ke2 Kc7 60.
Bb2 Rb4 61. Kd3 Kd7 62. Ba1 Rb3+ 63. Ke2 Na3 64. Rb2 Re3+ 65. Kf2 Nc4 66. Ra2
Rb3 67. Ke2 Ke6 68. Kd1 Ne3+ 69. Kc1 Rd3 70. Rd2 Rxd2 71. Kxd2 Nxg2 72. Bc3 Ne3
73. Ke2 Nf5 74. Kd3 Ng7 75. Be1 Kf5 76. Bxh4 Ne6 77. Kc3 Kg6 78. Bf2 Ng5 79.
Kb4 Nxh3 80. Ka5 Nxf2 81. Kb6 Nd3 82. Kxc6 Nb4+ 83. Kb6 Kg5 84. c6 Nxc6 85.
Kxc6 Kh4 86. Kxd5 Kg3 87. Ke6 Kxf3 88. d5 Kg2 89. d6 f3 90. d7 f2 91. d8=Q f1=Q
92. Qxf6 Qxf6+ 93. Kxf6 1/2-1/2

[Event "5. Copenhagen Open Politiken Cup"]
[Site "Hvidovre"]
[Date "1983.??.??"]
[Round "7"]
[White "Lechtynsky, Jiri"]
[Black "Ost Hansen, Jacob"]
[Result "1/2-1/2"]
[WhiteElo "2475"]
[BlackElo "2415"]
[PlyCount "38"]
[EventDate "1983.??.??"]
[EventType "tourn"]
[EventRounds "9"]
[EventCountry "DEN"]
[EventCategory "9"]
[SourceDate "2004.01.01"]

1. Nf3 Nf6 2. g3 d5 3. Bg2 c6 4. O-O Bf5 5. b3 e6 6. Bb2 a5 7. d3 a4 8. c4 axb3
9. axb3 Rxa1 10. Bxa1 Nbd7 11. Nbd2 Bb4 12. Qc2 O-O 13. Bc3 Qb6 14. Bxb4 Qxb4
15. Ra1 h6 16. Qc1 e5 17. Qa3 Qxa3 18. Rxa3 Rb8 19. b4 Be6 1/2-1/2